| 000 | 00992cam a2200253 4500 | ||
|---|---|---|---|
| 001 | WB3731-23 | ||
| 008 | 010816n2001 000 0 eng u | ||
| 035 | _a(Sirsi) u114176 | ||
| 245 | _aCentral London land values | ||
| 260 | _c2001 | ||
| 490 |
_aEstates Gazette _v(0132) 11 August 2001, 28(1) |
||
| 520 | _aMeasures in Mayor Ken Livingstone's "Affordable housing in London" report could cut Central London land values in half if boroughs such as Westminster and Kensington & Chelsea have to deliver a 50% affordable housing target without subsidies. The report recommends an increase in public subsidies for the poorer parts of London to encourage housing development. Table. | ||
| 590 | _aWB | ||
| 650 | _aCENTRAL LONDON | ||
| 650 | _aLAND VALUES | ||
| 650 | _aLONDON BOROUGHS | ||
| 650 | _aLAND PRICES | ||
| 650 | _aHOUSING TARGETS | ||
| 650 |
_aAffordable housing _96215 |
||
| 650 | _aHOUSING TARGETS | ||
| 650 | _aRESIDENTIAL LAND | ||
| 690 | _aHOUSING | ||
| 942 | _n0 | ||
| 999 |
_c68024 _d68024 |
||